1612 1322 1259 1982 1247 1783 1771 1603 1447 1570 1346 1614 1950 1334 1373 1853 1965 1300 1617 1701 1405 1983 1371 1988 1325 1823 1474 1363 1188 1700 1247 1546 1727 1436 1127 1207 1620 1708 1776 1809 1253 1772 1066 1150 1834 1817 1401 1293 1208 1472 1866 1869 1869 1477 1272 1746 1917 1251 1653 1238 1251 1567 1417 1782 1590 1962 1932 1942 1406 1445 1704 1202 1708 1603 1857 1848 1896 1761 1275 1938 1795 1320 1729 1527 1680 1813 1163 1002 1470 1232 1446 1434 1494 1653 1737 1634 1490 1258 1215 BCNSPRNW ULIB Ver.6.0+V

เปลี่ยนเป็นภาษาไทย

Change to English
 แสดงรายละเอียดบรรณานุกรม
  กลับหน้าหลัก

Brief Record : Get Marc (ISO 2709) : E-mail record : QR code < ปิดหน้าต่าง
LEADER : 00000nam 2200000uu 4500
001    13399115048
003     ULIB
008    120705s2539||||th 000 0 tha d
020    ^a9746345907
060 04 ^aQU21^bธ424ร 2539
100 0  ^aธาดา สืบหลินวงศ์
245 10 ^aชีวเคมีทางการแพทย์ =^bMedical biochemistry /^cธาดา
246 31 ^aMedical biochemistry
250    ^aพิมพ์ครั้งที่ 3 (ฉบับปรับปรุงเพิ่มเติม)
260    ^aกรุงเทพฯ :^bสำนักพิมพ์จุฬาลงกรณ์มหาวิทยาลัย,^c2539
300    ^a302 หน้า :^bภาพประกอบ ;^c26 ซม.
500    ^aSend to Single Search
591    ^aLICL มีปี 2539, 2542 (พิมพ์ครั้งที่ 4)
591    ^aLICF มีปี 2542
591    ^aLISI มีปี 2542
591    ^aLINU มีปี 2539, 2542 (พิมพ์ครั้งที่ 4)
650  4 ^aชีวเคมี
700 0  ^aนวลทิพย์ กมลวารินทร์
945    ^p0^l0^i5764
995    ^aกัณชพร
999 ^a ใช้งานได้ทุกระบบ
รายการนี้ยังไม่มีแท็ก
คุณยังไม่ได้ล็อกอิน คุณสามารถมีกิจกรรมร่วมกับเว็บไซต์ได้ แต่ต้องล็อกอินก่อน ::
  ล็อกอิน

รายการสื่อสารสนเทศ

ลำดับที่ ประเภท เลขเรียก/บาร์โค้ด สถานที่ สถานะ
- ไม่พบข้อมูล -

รายการใกล้เคียง
    หัวเรื่อง [ชีวเคมี]

BibComment


ยังไม่เคยถูกคอมเมนท์

คอมเมนท์ทรัพยากรรายการนี้
  คอมเมนท์: ชีวเคมีทางการแพท..


 Copyright 2026. Bcnsprnw @Library